000 00317nam a22001097a 4500
008 220930b |||||||| |||| 00| 0 eng d
082 _a658.4 PRO
245 _aProject planning and management reference guide
260 _bCADD Centre training services private limited,
_c2001.
300 _a127 p.
_c27 cm.
942 _2ddc
999 _c9145
_d9146